Billionaires by Picture - Statistics

General Stats
  • This quiz has been taken 60 times
  • The average score is 6 of 10
Answer Stats
Picture Answer % Correct
Elon Musk
100%
Bill Gates
95%
Mark Zuckerburg
93%
Jeff Bezos
91%
Warren Buffet
69%
Larry Ellison
42%
Larry Page
31%
Sergey Brin
31%
Bernard Arnault & Family
27%
Steve Ballmer
25%
No matching quizzes found
Score Distribution
Percent of People with Each Score
Percentile by Number Answered
Your Score History
You have not taken this quiz